The path to equity (Record no. 80295)

MARC details
000 -LEADER
fixed length control field 01409cab a22003015a 4500
001 - CONTROL NUMBER
control field L143878
008 - FIXED-LENGTH DATA ELEMENTS--GENERAL INFORMATION
fixed length control field 080604e20080531xxk f 000 0 eng d
035 ## - SYSTEM CONTROL NUMBER
System control number (Sirsi) u143878
041 0# - LANGUAGE CODE
Language code of text/sound track or separate title eng
100 1# - MAIN ENTRY--PERSONAL NAME
Personal name Barrison, Ben
245 04 - TITLE STATEMENT
Title The path to equity
260 ## - PUBLICATION, DISTRIBUTION, ETC.
Date of publication, distribution, etc. 2008
490 ## - SERIES STATEMENT
Series statement Estates Gazette
Volume/sequential designation (0821) 31 May 2008, 130-132(3)
520 ## - SUMMARY, ETC.
Summary, etc. Discusses the application of the legal principle of estoppel to commercial property deals. Notes that this is being used increasingly as a means of redress when commercial deals are reneged upon. Notes that promissory estoppel cannot be claimed in order to create a new cause of action. Similarly, estoppel by convention has yet to be shown to be relevant in such cases. Shows that proprietary estoppel can be used in certain circumstances. Case law.
590 ## - LOCAL NOTE (RLIN)
Local note KA
650 24 - SUBJECT ADDED ENTRY--TOPICAL TERM
Topical term or geographic name entry element EYESTORM LTD V HOPTONACRE HOMES LTD
650 24 - SUBJECT ADDED ENTRY--TOPICAL TERM
Topical term or geographic name entry element LAW OF PROPERTY (MISCELLANEOUS PROVISIONS) ACT 1989
650 24 - SUBJECT ADDED ENTRY--TOPICAL TERM
Topical term or geographic name entry element MCCAUSLAND V DUNCAN LAWRIE LTD
650 24 - SUBJECT ADDED ENTRY--TOPICAL TERM
Topical term or geographic name entry element COMMISSION FOR THE NEW TOWNS V TERRACE HILL (STOCKTON) LTD
650 24 - SUBJECT ADDED ENTRY--TOPICAL TERM
Topical term or geographic name entry element ANDERSON ANTIQUES (UK) LTD V ANDERSON WHARF (HULL) LTD AND AKRILL
650 24 - SUBJECT ADDED ENTRY--TOPICAL TERM
Topical term or geographic name entry element LAND REGISTRATION ACT 2002 S77
650 24 - SUBJECT ADDED ENTRY--TOPICAL TERM
Topical term or geographic name entry element COBBE V YEOMAN'S ROW MANAGEMENT LTD
650 24 - SUBJECT ADDED ENTRY--TOPICAL TERM
Topical term or geographic name entry element HOPPER V HOPPER
651 #4 - SUBJECT ADDED ENTRY--GEOGRAPHIC NAME
Geographic name England and Wales
Chronological subdivision 1543-
690 ## - LOCAL SUBJECT ADDED ENTRY--TOPICAL TERM (OCLC, RLIN)
Topical term or geographic name as entry element PROPERTY-PROPERTY DEVELOPMENT
700 1# - ADDED ENTRY--PERSONAL NAME
Personal name Redman
Numeration Nicholas
942 ## - ADDED ENTRY ELEMENTS (KOHA)
Suppress in OPAC 0
Holdings
Withdrawn status Lost status Source of classification or shelving scheme Damaged status Not for loan Home library Current library Shelving location Date acquired Total Checkouts Full call number Barcode Date last seen Copy number Price effective from Koha item type
    Dewey Decimal Classification     London London Journal article 04/06/2008   L143878 143878-1001 06/08/2019 1 06/08/2019 Journal article